<?xml version="1.0" encoding="UTF-8"?>
<record
    xmlns:xsi="http://www.w3.org/2001/XMLSchema-instance"
    xsi:schemaLocation="http://www.loc.gov/MARC21/slim http://www.loc.gov/standards/marcxml/schema/MARC21slim.xsd"
    xmlns="http://www.loc.gov/MARC21/slim">

  <leader>00492nam a22001697a 4500</leader>
  <datafield tag="999" ind1=" " ind2=" ">
    <subfield code="c">194025</subfield>
    <subfield code="d">194025</subfield>
  </datafield>
  <controlfield tag="005">20221205114121.0</controlfield>
  <datafield tag="010" ind1=" " ind2=" ">
    <subfield code="a">E.N.A./7.11.22</subfield>
  </datafield>
  <datafield tag="020" ind1=" " ind2=" ">
    <subfield code="a">9789356222212</subfield>
    <subfield code="c">995.00</subfield>
  </datafield>
  <datafield tag="037" ind1=" " ind2=" ">
    <subfield code="b">Taxmann</subfield>
  </datafield>
  <datafield tag="082" ind1=" " ind2=" ">
    <subfield code="2"> Third edition</subfield>
  </datafield>
  <datafield tag="100" ind1=" " ind2=" ">
    <subfield code="a">Panda, Tapan k.</subfield>
  </datafield>
  <datafield tag="245" ind1=" " ind2=" ">
    <subfield code="a">Marketing Management/</subfield>
    <subfield code="b">Text and Cases</subfield>
    <subfield code="c">Tapan K Panda</subfield>
  </datafield>
  <datafield tag="260" ind1=" " ind2=" ">
    <subfield code="a">New Delhi</subfield>
    <subfield code="b">Taxmann Publication</subfield>
    <subfield code="c">2022</subfield>
  </datafield>
  <datafield tag="270" ind1=" " ind2=" ">
    <subfield code="a">59/32, NEW ROHTAK ROAD, </subfield>
    <subfield code="b">NEW DELHI</subfield>
    <subfield code="e">110005</subfield>
  </datafield>
  <datafield tag="300" ind1=" " ind2=" ">
    <subfield code="a">835p</subfield>
    <subfield code="c">24cm (PBK)</subfield>
  </datafield>
  <datafield tag="942" ind1=" " ind2=" ">
    <subfield code="2">ddc</subfield>
    <subfield code="c">EN</subfield>
    <subfield code="e">2022</subfield>
    <subfield code="m">PAN</subfield>
  </datafield>
</record>
